000 01394nam a2200433 i 4500
001 35845
003 KOSZ 005
005 20220609133100.0
008 981023s1987 pl a |001 0 pol
015 _aUWD 1987/6310
020 _a8320408598
035 _a991007271769705066
035 _a(PL-WaBN)b11888192-48omnis_nlop
035 _ab11888192
035 _a(OCoLC)69313117
035 _a(PL)b0000001188819
035 _a(EXLNZ-48OMNIS_NETWORK)9910152573105606
040 _aWA N
_cWA N
_dKOSZ 005/HR
041 0 _apol
080 _a681.5
100 1 _aOrłowski, Henryk
_c(robotyka)
_eAutor
245 1 0 _aKomputerowe układy automatyki /
_cHenryk Orłowski.
250 _aWyd. 2 zm.
260 _aWarszawa :
_bWydawnictwa Naukowo-Techniczne,
_c1987.
300 _a470 s. :
_bfot., rys., wykr. ;
_c24 cm.
336 _aTekst
_btxt
_2rdacontent
337 _aBez urządzenia pośredniczącego
_bn
_2rdamedia
338 _aWolumin
_bnc
_2rdacarrier
380 _aKsiążki
388 _a1901-2000
388 _a1945-1989
504 _aBibliogr. s. 464-466. - Indeks.
650 7 _aAutomatyka
_2DBN
658 _aInżynieria i technika
710 2 _aWydawnictwa Naukowo-Techniczne
_4pbl
856 _uhttp://koha.tu.koszalin.pl/cgi-bin/koha/opac-detail.pl?biblionumber=35845
_yKatalog online BPK
942 _2UKD
_cKS
999 _c35845
_d35845